|
|
|
|
| LEADER |
00000cam a2200000 i 4500 |
| 001 |
1/1102 |
| 008 |
950706s1984 fr | ||| |||| ||fre|| |
| 020 |
|
|
|a 2704003513
|
| 035 |
|
|
|l 10014317
|
| 040 |
|
|
|a GR-MyUa
|b gre
|e AACR2
|
| 041 |
0 |
|
|a fre
|
| 082 |
7 |
|
|a 574.5
|2 (22)
|
| 100 |
1 |
|
|a Duvigneaud, Paul.
|
| 245 |
1 |
3 |
|a La synthese ecologique :
|b populations, communautes, ecosystemes, biosphere, noosphere /
|c P. Duvigneaud.
|
| 250 |
|
|
|a 2. ed., rev. et corr.
|
| 260 |
|
|
|a Paris :
|b Doin,
|c 1984.
|
| 300 |
|
|
|a 380 σ., [11] φύλλα πινάκων :
|b εικ. (μερ. έγχρ.) ;
|c 28 εκ.
|
| 504 |
|
|
|a Περιέχει βιβλιογραφικές παραπομπές (σ. [349]-368) και ευρετήριο.
|
| 650 |
0 |
0 |
|a Ecology.
|
| 852 |
|
|
|a INST
|b LESVOS
|e 19950706
|h 574.5 DUV
|p 005100007927
|q 005100007927
|t BK
|y 0
|
| 852 |
|
|
|a INST
|b LESVOS
|e 19950706
|h 574.5 DUV
|p 005100007928
|q 005100007928
|t BK
|y 0
|
| 922 |
|
|
|a 1ΕΛΗ
|b 198810
|c ΠΠ/8719
|